Guerra de Cataluña / (Record no. 188060)

MARC details
000 -LEADER
campo de control de longitud fija 00839nam a2200217 i 4500
001 - NÚMERO DE CONTROL
campo de control 188060
003 - IDENTIFICADOR DE NÚMERO DE CONTROL
campo de control SpMaBN
005 - FECHA Y HORA DE LA ÚLTIMA TRANSACCIÓN
campo de control 20230906223111.0
008 - DATOS DE LONGITUD FIJA--INFORMACIÓN GENERAL
campo de control de longitud fija 180420s1969 sp |||| | spa d
080 ## - NÚMERO DE LA CLASIFICACIÓN DECIMAL UNIVERSAL
Número de la Clasificación Decimal Universal 94(460.23)"1640/52"
100 1# - ENTRADA PRINCIPAL--NOMBRE DE PERSONA
Nombre de persona Melo, Francisco Manuel de (
Fechas asociadas al nombre 1608-1666)
9 (RLIN) 80014
245 10 - MENCIÓN DEL TÍTULO
Título Guerra de Cataluña /
Mención de responsabilidad, etc. Francisco Manuel de Melo.
246 35 - FORMA VARIANTE DEL TITULO
Texto de visualización Tít. de port. facsímil
Título propio/Titulo breve Historia de los movimientos y separación de Cataluña
260 ## - PUBLICACIÓN, DISTRIBUCIÓN, ETC.
Lugar de publicación, distribución, etc. Barcelona :
Nombre del editor, distribuidor, etc. Seix Barral,
Fecha de publicación, distribución, etc. 1969.
300 ## - DESCRIPCIÓN FÍSICA
Extensión 244 p. ;
Dimensiones 19 cm.
490 1# - MENCIÓN DE SERIE
Mención de serie Biblioteca breve de bolsillo ;
Designación de volumen o secuencia 35
651 #7 - PUNTO DE ACCESO ADICIONAL DE MATERIA--NOMBRE GEOGRÁFICO
Nombre geográfico Cataluña-
Subdivisión general Historia-
Subdivisión cronológica 1640-1652, Revolución.
9 (RLIN) 154097
830 0# - PUNTO DE ACCESO ADICIONAL DE SERIE-TÍTULO UNIFORME
Título uniforme Biblioteca breve de bolsillo ;
Designación de volumen o secuencia 35
9 (RLIN) 184566
852 ## - LOCALIZACIÓN
Ubicación ES-MaACL
Número de control de estantería L-31940
Nota libre . - Donat. herederos de la bibl. de Mª del Pilar Costa Palacín
Holdings
Estatus retirado Estado de pérdida Estado de daño No para préstamo Biblioteca de origen Biblioteca actual Ubicación en estantería Fecha de adquisición Fuente de adquisición Total de préstamos Signatura topográfica completa Código de barras Visto por última vez Precio de reemplazo Tipo de ítem Koha
        Biblioteca del Ateneo de Madrid Biblioteca del Ateneo de Madrid Depósito 2 20/04/2018     L-31940 1198749 23/02/2023 23/02/2023 Libro impreso